Celebrities That Make Music - Statistics

General Stats
  • This quiz has been taken 17 times
  • The average score is 4 of 19
Answer Stats
Celebrity Artist % Correct
Donald Glover (actor) Childish Gambino
71%
Jack Black (actor) Tenacious D
50%
Joe Keery (actor) Post Animal, Djo
43%
Jared Leto (actor) Thirty Seconds to Mars
43%
Dylan Minentte (actor) Wallows
29%
Zooey Deschanel (actor) She & Him
21%
Kevin Bacon (actor) The Bacon Brothers
21%
Ross Lynch (actor) The Driver Era, R5
21%
Finn Wolfhard (actor) Calpurnia, The Aubreys
14%
Keanu Reeves (actor) Dogstar
14%
Will Gao (actor) Wasia Project
14%
Jacob Slater (actor) Wunderhorse
14%
Jason Schwartzman (actor) Coconut Records
7%
Ryan Gosling (actor) Dead Man's Bones
7%
Zoë Kravitz (actor) Lolawolf
7%
Mark McKenna (actor) milk.
7%
Penn Badgley (actor) Mothxr
7%
Tom Glynn-Carney (actor) Sleep Walking Animals
7%
Colton Herta (IndyCar Driver) The Zibs
7%
No matching quizzes found
Score Distribution
Percent of People with Each Score
Percentile by Number Answered
Your Score History
You have not taken this quiz